| 000 | 00781nam a2200265Ia 4500 | ||
|---|---|---|---|
| 008 | 160803s9999 xx 000 0 und d | ||
| 020 | _a978-0618062713 | ||
| 100 | _aGeorge, Jean Craighead | ||
| 245 | 4 | _aThe tarantula in my purse : | |
| 245 | _band 172 other wild pets / | ||
| 245 | _cwritten and illustrated by Jean Craighead George. | ||
| 260 | _aNew York : | ||
| 260 | _bScholastic Inc. | ||
| 260 | _c1996 | ||
| 300 | _a134 pages : | ||
| 300 | _billustration ; | ||
| 300 | _c20 cm | ||
| 650 | _aGeorge, Jean Craighead, 1919- -- | ||
| 650 | _aNaturalists -- United States -- Biography -- | ||
| 650 | _aWild animals as pets -- | ||
| 650 | _xJuvenile literature. | ||
| 650 | _xJuvenile literature. | ||
| 650 | _xJuvenile literature. | ||
| 700 | _a830 | ||
| 999 |
_c298510 _d298510 |
||